<?xml version="1.0" encoding="UTF-8"?>
<record
    xmlns:xsi="http://www.w3.org/2001/XMLSchema-instance"
    xsi:schemaLocation="http://www.loc.gov/MARC21/slim http://www.loc.gov/standards/marcxml/schema/MARC21slim.xsd"
    xmlns="http://www.loc.gov/MARC21/slim">

  <leader>01079nam0a2200277   4500</leader>
  <controlfield tag="001">RU\NLR\BIBL_A\010984658</controlfield>
  <controlfield tag="005">20260406061954.0</controlfield>
  <datafield tag="010" ind1=" " ind2=" ">
    <subfield code="a">978-5-9906998-2-3</subfield>
    <subfield code="9">500</subfield>
  </datafield>
  <datafield tag="021" ind1=" " ind2=" ">
    <subfield code="a">RU</subfield>
    <subfield code="b">2015-97915</subfield>
    <subfield code="9">6090</subfield>
  </datafield>
  <datafield tag="035" ind1=" " ind2=" ">
    <subfield code="a">(NLR Aleph) 010984658</subfield>
  </datafield>
  <datafield tag="090" ind1=" " ind2=" ">
    <subfield code="a">10894408</subfield>
    <subfield code="c">10894408</subfield>
  </datafield>
  <datafield tag="100" ind1=" " ind2=" ">
    <subfield code="a">20160220d2015    |||y0rusy50      ca</subfield>
  </datafield>
  <datafield tag="101" ind1="1" ind2=" ">
    <subfield code="a">tat</subfield>
    <subfield code="c">krc</subfield>
  </datafield>
  <datafield tag="102" ind1=" " ind2=" ">
    <subfield code="a">RU</subfield>
  </datafield>
  <datafield tag="105" ind1=" " ind2=" ">
    <subfield code="a">c   z   000 y</subfield>
  </datafield>
  <datafield tag="200" ind1="1" ind2=" ">
    <subfield code="a">&#x41C;&#x4D9;&#x4A3;&#x433;&#x435;&#x43B;&#x435;&#x43A; &#x442;&#x430;&#x443; &#x438;&#x43B;&#x435;&#x43D;&#x434;&#x4D9;</subfield>
    <subfield code="e">&#x448;&#x438;&#x433;&#x44B;&#x440;&#x44C;&#x43B;&#x4D9;&#x440;</subfield>
    <subfield code="e">[&#x41A;&#x430;&#x440;&#x430;&#x447;&#x430;&#x439;-&#x411;&#x430;&#x43B;&#x43A;&#x430;&#x440; &#x448;&#x430;&#x433;&#x44B;&#x439;&#x440;&#x44C;&#x43B;&#x4D9;&#x440;&#x435; &#x438;&#x497;&#x430;&#x442;&#x44B;</subfield>
    <subfield code="f">&#x43C;&#x4E9;&#x445;-&#x440;&#x435; &#x420;. &#x41A;&#x43E;&#x440;&#x431;&#x430;&#x43D;]</subfield>
  </datafield>
  <datafield tag="210" ind1=" " ind2=" ">
    <subfield code="a">&#x41A;&#x430;&#x437;&#x430;&#x43D;</subfield>
    <subfield code="c">&#x422;&#x430;&#x43D;&#x414;&#x435;&#x43C;</subfield>
    <subfield code="d">2015</subfield>
  </datafield>
  <datafield tag="215" ind1=" " ind2=" ">
    <subfield code="a">111 &#x431;.</subfield>
    <subfield code="c">&#x43F;&#x43E;&#x440;&#x442;&#x440;.</subfield>
    <subfield code="d">17</subfield>
  </datafield>
  <datafield tag="541" ind1="1" ind2=" ">
    <subfield code="a">&#x412; &#x441;&#x442;&#x440;&#x430;&#x43D;&#x435; &#x432;&#x435;&#x447;&#x43D;&#x43E;&#x439; &#x433;&#x43E;&#x440;&#x44B;</subfield>
    <subfield code="e">&#x441;&#x442;&#x438;&#x445;&#x438; &#x43F;&#x43E;&#x44D;&#x442;&#x43E;&#x432; &#x41A;&#x430;&#x440;&#x430;&#x447;&#x430;&#x435;&#x432;&#x43E;-&#x411;&#x430;&#x43B;&#x43A;&#x430;&#x440;&#x438;&#x438;.</subfield>
  </datafield>
  <datafield tag="686" ind1="1" ind2=" ">
    <subfield code="a">&#x428;6(2=&#x422;&#x430;&#x442;)-91&#x41A;&#x430;&#x440;&#x430;7-5</subfield>
  </datafield>
  <datafield tag="686" ind1="1" ind2=" ">
    <subfield code="a">&#x428;6(2=&#x422;&#x430;&#x442;)-91&#x411;&#x430;7-5</subfield>
  </datafield>
  <datafield tag="702" ind1=" " ind2="1">
    <subfield code="4">340</subfield>
    <subfield code="7">ca</subfield>
    <subfield code="8">rus</subfield>
    <subfield code="a">&#x41A;&#x443;&#x440;&#x431;&#x430;&#x43D;&#x43E;&#x432;</subfield>
    <subfield code="b">&#x420;. &#x425;.</subfield>
    <subfield code="f">1957-</subfield>
    <subfield code="g">&#x420;&#x430;&#x444;&#x438;&#x441; &#x425;&#x430;&#x440;&#x438;&#x441;&#x43E;&#x432;&#x438;&#x447;</subfield>
    <subfield code="3">RU\NLR\AUTH\7712162</subfield>
    <subfield code="9">121891</subfield>
  </datafield>
  <datafield tag="852" ind1=" " ind2=" ">
    <subfield code="a">NLR</subfield>
    <subfield code="b">&#x41E;&#x41D;&#x41B;</subfield>
    <subfield code="j">&#x422;&#x430;&#x442;&#x430;&#x440;./2-12701</subfield>
  </datafield>
  <datafield tag="942" ind1=" " ind2=" ">
    <subfield code="c">BOOK</subfield>
  </datafield>
  <datafield tag="980" ind1=" " ind2=" ">
    <subfield code="a">NB</subfield>
  </datafield>
  <datafield tag="995" ind1=" " ind2=" ">
    <subfield code="5">2016-02-20</subfield>
    <subfield code="a">ad</subfield>
    <subfield code="b">NLR01</subfield>
    <subfield code="c">NLR01</subfield>
    <subfield code="e">ONL</subfield>
    <subfield code="f">1-927029</subfield>
    <subfield code="k">&#x41E;&#x41D;&#x41B; &#x422;&#x430;&#x442;&#x430;&#x440;./2-12701</subfield>
    <subfield code="o">4</subfield>
    <subfield code="r">BOOK</subfield>
    <subfield code="s">_212701</subfield>
  </datafield>
</record>
